00363nam a2200145Ia 4500008004100000020001500041041001200056082001600068100001400084245005500098250000800153260003100161300000900192650001600201221030s9999 xx 000 0 und d a8176356085 aEnglish a105.23bLaf aR. Lafore 0aObject - Oriented Programming in C++cby R. Lafore a4th bTechmediaaNew Delhic2006 a1012 aBE Computer